000 00397nam a22001697a 4500
005 20160701160427.0
008 160701b xxu||||| |||| 00| 0 eng d
020 _a978-0-0707752-2
041 _aeng
082 _b20757
100 _aHa Tri T
_93423
245 _aDigital satallite communication
260 _bMc graw hill
300 _a633
650 _aDiploma Engineering
_9817
942 _cBK
999 _c5123
_d5121